书目信息 |
| 题名: |
中国电影十导演
|
|
| 作者: | 陈墨 著 | |
| 分册: | ||
| 出版信息: | 北京 人民出版社 2005 |
|
| 页数: | 375页 | |
| 开本: | 21cm | |
| 丛书名: | ||
| 单 册: | ||
| 中图分类: | J909.2 | |
| 科图分类: | ||
| 主题词: | 电影史--中国--现代 , 电影导演--生平事迹--中国--现代 , 电影 , 电视--艺术 | |
| 电子资源: | ||
| ISBN: | 7-01-005295-6 | |
| 000 | 01236nam0 2200349 450 | |
| 000 | 01199nam0 2200337 450 | |
| 000 | 01177nam0 2200337 450 | |
| 000 | 01123nam0 2200313 450 | |
| 000 | 01119nam0 2200301 450 | |
| 000 | 01082nam0 2200289 45 | |
| 001 | 200744 | |
| 005 | 20061208103621.81 | |
| 010 | @a7-01-005295-6@dCNY23.00 | |
| 100 | @a20060829d2005 kemy0chiy0121 ea | |
| 101 | 0 | @achi |
| 102 | @aCN@b110000 | |
| 105 | @aa z 000yd | |
| 200 | 1 | @a中国电影十导演@Azhong guo dian ying shi dao yan@e浪漫与忧患@ELang Man Yu You Huan@f陈墨著@FChen Mo Zhu |
| 210 | @a北京@c人民出版社@d2005 | |
| 215 | @a375页@c照片@d21cm | |
| 330 | @a本书是关于中国电影导演研究文章的结集,研究对象有张艺谋、王家卫、吴子牛、黄建新等。通过对十位导演创作的阅读,可以看到中国的艺术电影、政治电影和商业电影的某些重要特征。 | |
| 517 | 1 | @a浪漫与忧患@Alang man yu you huan |
| 606 | @a电影史@y中国@z现代 | |
| 606 | 0 | @a电影导演@x生平事迹@y中国@z现代 |
| 606 | 0 | @a电影 |
| 606 | 0 | @a电视@x艺术 |
| 690 | @aJ909.2@v4 | |
| 701 | 0 | @a陈墨@Achen mo@4著 |
| 801 | 0 | @aCN@b中图数据@c20061208 |
| 905 | @a10447@dJ909.2@e167 | |
| 中国电影十导演:浪漫与忧患/陈墨著.-北京:人民出版社,2005 |
| 375页:照片;21cm |
| ISBN 7-01-005295-6:CNY23.00 |
| 本书是关于中国电影导演研究文章的结集,研究对象有张艺谋、王家卫、吴子牛、黄建新等。通过对十位导演创作的阅读,可以看到中国的艺术电影、政治电影和商业电影的某些重要特征。 |
| ● |
| 相关链接 |
|
|
|
|
正题名:中国电影十导演
索取号:J909.2/167
 
预约/预借
| 序号 | 登录号 | 条形码 | 馆藏地/架位号 | 状态 | 备注 |
| 1 | 0618471 | 206184715 | 第一样本阅览室/ [索取号:J909.2/167] | 在馆 | |
| 2 | 0618472 | 206184724 | 第一借阅区/ [索取号:J909.2/167] | 在馆 | |
| 3 | 0618473 | 206184733 | 第一借阅区/ [索取号:J909.2/167] | 在馆 |